000 00276nam a2200109Ia 4500
008 220216s9999 xx 000 0 und d
245 0 _aRRIM natural rubber processing course
260 _bPlanters Bulletin
_c1971
300 _a193-197
650 _aNatural rubber
942 _cJS
999 _c67371
_d67371